000 00621cam a22002173a 4500
001 33790
003 PGUSA
005 20140828083730.0
008 100921s2010||||xxu|||||s|||||000 | eng d
040 _aPGUSA
_beng
042 _adc
100 1 _aDe Vet, Charles V.
_q(Charles Vincent),
_d1911-1997
245 1 0 _aDelayed Action
_h[electronic resource] /
_cCharles V. De Vet
260 _bProject Gutenberg,
_c2010
506 _aPublic domain in the USA.
516 _aElectronic text
700 1 _aFrancis, Dick
830 0 _aProject Gutenberg
_v33790
856 4 0 _uhttp://www.gutenberg.org/ebooks/33790
942 _cEB
999 _c263045
_d263045